|
|
|
|
| LEADER |
00000cam a2200000 7i4500 |
| 001 |
0000001731 |
| 005 |
20011107.0 |
| 090 |
0 |
0 |
|a R THE577.698
|b RAM 1992
|
| 100 |
0 |
0 |
|a RAMLY bin Ali
|
| 245 |
1 |
0 |
|a National conservation strategy for mangrove genetic resources in Malaysia
|c Ramly bin Ali
|
| 260 |
0 |
0 |
|a Madras, India :
|b M S. Swaminathan Research Foundation ,
|c 1992
|
| 300 |
|
|
|a 120 p. :
|b maps ;
|c 30 cm.
|
| 500 |
0 |
0 |
|a Bibliography : p. 119-120
|
| 500 |
0 |
0 |
|a Dissertation: International Trainers' Training Programme on the Conservation of Mangrove Genetic Resources
|
| 650 |
0 |
0 |
|a Mangrove conservation
|
| 650 |
0 |
0 |
|a Mangrove ecology
|
| 998 |
|
|
|a JPSM
|
| 999 |
|
|
|a 0000002698
|b Thesis
|c Reference
|e Default branch
|